000 00530nam a22001577a 4500
003 OSt
005 20181129041152.0
008 180319b xxu||||| |||| 00| 0 spa d
040 _cPJ
100 _9138
_aBrufau Prats, Jaime
245 1 3 _aLa actitud metodica de Samuel Pufendorf y la configuración de la "Disciplina Juris Naturalis" /
_cJaime Brufau Prats.
260 _aMadrid :
_bInstituto de Estudios Políticos,
_c1968.
300 _a153 p.
650 _aFILOSOFIA DEL DERECHO
_9177
942 _2udc
_cLIB
_h340.12
_iBRU
999 _c128
_d128